000
00250nam a2200097Ia 4500
005
20251222114409.0
008
251222s1900||||xx |||||||||||||| ||spa||
082
_a
DVD0153/U61/2003
245
0
_a
Red de información teológico y filosófico:
942
_c
DVD
999
_c
1975
_d
1975